Normal view MARC view

Entry Personal Name

Number of records used in: 2

001 - CONTROL NUMBER

  • control field: 88829

003 - CONTROL NUMBER IDENTIFIER

  • control field: dpl

005 - DATE AND TIME OF LATEST TRANSACTION

  • control field: 20260408122306.0

008 - FIXED-LENGTH DATA ELEMENTS

  • fixed length control field: 260408|| aca||aabn | a|a d

040 ## - CATALOGING SOURCE

  • Original cataloging agency: dpl
  • Transcribing agency: dpl

100 ## - HEADING--PERSONAL NAME

  • Personal name: Mishra,Manoj

670 ## - SOURCE DATA FOUND

  • Source citation: Work cat.: (dpl)215818: Mishra,Manoj, Changing Dynamics of Us Tariff and Trade Policiecs: Repercussions for Indian Exports, 2026

© Delhi Public Library
Hit Counter
free hit counter